| 000 | 00391nam a2200145Ia 4500 | ||
|---|---|---|---|
| 008 | 230917s9999||||xx |||||||||||||| ||und|| | ||
| 040 |
_e93983 _aMAIN |
||
| 041 | _aEnglish | ||
| 082 | _a811.4 F929B:H | ||
| 100 | _aBhardwaj, Subhash Chander | ||
| 245 | 0 | _aHuman predicament in the poetry of Robert Frost: A study of his selected poems | |
| 260 | _aRohtak | ||
| 300 | _a51 p. | ||
| 942 | _cTH | ||
| 999 |
_c73281 _d73281 |
||